000 00600nam a2200193 i 4500
001 45181
003 ES-MaACL
005 20230906161155.0
007 t|
008 030325s1963 sp ||||1| spa d
100 1 _aCleator, P. E.
_939158
245 1 4 _aLos lenguajes perdidos /
_cP. E. Cleator ; prólogo de Roca Pons ; [traducción del inglés por Carmen Huera].
250 _a1ª ed.
260 _aBarcelona :
_bAyma,
_c[1963]
300 _a238 p., 10 lám. :
_bil. ;
_c21 cm.
700 1 _aRoca-Pons, Josep.
_998006
700 1 _aHuera, Carmen.
_964542
852 _aES-MaACL
_jC-25969
_bR.54568
999 _c45181
_d45181